[Svetozár Hurban Vajanský na návšteve v Mníchove]

Zobrazenie: Svetozár Hurban Vajanský počas oddychu na návšteve u českého maliara Jaroslava Vĕšína v Mníchove v Nemecku (po prepustení z väzenia v Segedíne), r. 1894 (podobná fotografia aj K 23/101).

Bibliographic Details
Format: Photo
Language:Slovak
PhysicalDescription:1 fotografia čb 18 x 13 cm
Published: [S.l. s.n.] 1894
Subjects:

MARC

LEADER 00000nkmaa2200000 a 4500
001 vtls011558184
003 SK-MaSNL
005 20260301180335.0
007 kh bo
008 230802s1894 gw | |||0 k|slo
035 |a urn:nbn:sk:snk-km00cpxc 
035 |a urn:nbn:sk:snk-km3lr8p 
035 |a 3A802FCD-0713-4369-990D-C277D16BBBFB 
040 |a SNKLA  |b slo  |c SNKLA  |e AACR2 
041 0 |a slo 
044 |a gw  |c DE 
245 0 0 |a [Svetozár Hurban Vajanský na návšteve v Mníchove]  |h grafika 
260 |a [S.l.  |b s.n.]  |c 1894 
300 |a 1 fotografia  |b čb  |c 18 x 13 cm 
520 2 |a Zobrazenie: Svetozár Hurban Vajanský počas oddychu na návšteve u českého maliara Jaroslava Vĕšína v Mníchove v Nemecku (po prepustení z väzenia v Segedíne), r. 1894 (podobná fotografia aj K 23/101). 
600 1 7 |a Vajanský, Svetozár Hurban,  |d 1847-1916  |2 SNKMA  |9 110614 
651 7 |a Mníchov (Nemecko)  |2 SNKPH  |9 24849 
655 7 |a fotografie  |2 SNKPH  |9 70713 
852 7 |a Slovenská národná knižnica  |b Literárny archív 
958 |a ZO 
958 |a BLA 
999 |c 845895  |d 847825 
952 |a SNKLA  |b SNKLA  |c SNKLA_DEP  |y NEVYP  |7 0  |p 17A1008408  |o snkK 23/29  |0 0  |1 0  |4 0  |d 2016-06-07  |f 1  |l 0  |r 2026-02-24 04:26:00  |w 2026-02-24